000 00575nam a22002057a 4500
005 20260430164812.0
008 260430b |||||||| |||| 00| 0 eng d
037 _cTB
040 _aAL
_cAL
041 _2eng
_aeng
084 _aV2.N9 N0
_qAL
245 _aCentre state relations in India
260 _aNew Delhi, India:
_bSegment Book Distributors,
_c1990.
300 _a298p.
650 _aIndia-History
650 _aHistory
700 _aChakrabarty, Bidyut
_eEditor,
942 _2CC
_cTB
_hV2.N9 N0
_n0
999 _c1850952
_d1850952